[Event "DEM U10 2023"]
[Site "Willingen GER"]
[Date "2023.06.02"]
[Round "10"]
[White "Bremermann, Jakow"]
[Black "Weibrecht, Theo"]
[Result "0-1"]
[Termination "normal"]
[Board "26"]
[WhiteElo "787"]
[BlackElo "1170"]
[WhiteClock "00:34:36"]
[BlackClock "00:43:42"]
[PlyCount "156"]
[WhiteFideId "34660160"]
[BlackFideId "34660240"]
[EventCountry "GER"]
[EventRounds "11"]
[EventType "swiss"]
[EventDate "2023.05.27"]

1. e4 {[%clk 01:15:30]} {[%emt 01:35:04]} c5 {[%clk 01:15:54]} {[%emt
00:00:09]} 2. Nf3 {[%clk 01:14:52]} {[%emt 00:01:38]} Nc6 {[%clk 01:16:17]}
{[%emt 00:00:07]} 3. Nc3 {[%clk 01:14:56]} {[%emt 00:00:26]} d6 {[%clk
01:15:19]} {[%emt 00:01:27]} 4. Bc4 {[%clk 01:14:20]} {[%emt 00:01:06]} Bg4
{[%clk 01:15:07]} {[%emt 00:00:38]} 5. d3 {[%clk 01:13:33]} {[%emt 00:01:22]}
Nd4 {[%clk 01:14:53]} {[%emt 00:00:42]} 6. Bb5+ {[%clk 01:13:26]} {[%emt
00:00:38]} Nc6 {[%clk 01:14:53]} {[%emt 00:00:15]} 7. h3 {[%clk 01:13:06]}
{[%emt 00:01:06]} Bd7 {[%clk 01:15:09]} {[%emt 00:00:11]} 8. O-O {[%clk
01:13:21]} {[%emt 00:00:17]} a6 {[%clk 01:15:28]} {[%emt 00:00:13]} 9. Ba4
{[%clk 01:13:35]} {[%emt 00:00:15]} e6 {[%clk 01:15:16]} {[%emt 00:00:43]} 10.
Re1 {[%clk 01:12:06]} {[%emt 00:01:57]} b5 {[%clk 01:15:03]} {[%emt 00:00:44]}
11. Bb3 {[%clk 01:11:48]} {[%emt 00:00:48]} Nf6 {[%clk 01:14:41]} {[%emt
00:00:48]} 12. a3 {[%clk 01:09:55]} {[%emt 00:02:28]} Be7 {[%clk 01:14:40]}
{[%emt 00:00:28]} 13. e5 {[%clk 01:07:28]} {[%emt 00:02:58]} dxe5 {[%clk
01:09:49]} {[%emt 00:05:23]} 14. Nxe5 {[%clk 01:07:25]} {[%emt 00:00:32]} O-O
{[%clk 01:09:39]} {[%emt 00:00:41]} 15. Nxd7 {[%clk 01:07:23]} {[%emt
00:00:32]} Qxd7 {[%emt 00:06:33]} 16. Ne4 {[%clk 01:02:42]} Nxe4 {[%clk
01:07:44]} {[%emt 00:01:28]} 17. dxe4 {[%clk 01:02:48]} {[%emt 00:00:29]} Qxd1
{[%clk 01:07:59]} {[%emt 00:00:08]} 18. Rxd1 {[%clk 01:03:12]} {[%emt
00:00:11]} c4 {[%clk 01:08:04]} {[%emt 00:00:26]} 19. Ba2 {[%clk 01:02:07]}
{[%emt 00:01:34]} Rfc8 {[%clk 01:06:23]} {[%emt 00:02:10]} 20. b3 {[%clk
00:59:33]} {[%emt 00:03:06]} Na5 {[%clk 01:04:49]} {[%emt 00:01:56]} 21. Bd2
{[%clk 00:58:36]} {[%emt 00:01:32]} Nb7 {[%clk 01:04:28]} {[%emt 00:00:44]} 22.
bxc4 {[%clk 00:58:56]} {[%emt 00:00:18]} bxc4 {[%clk 01:04:04]} {[%emt
00:00:48]} 23. Be3 {[%clk 00:54:20]} {[%emt 00:05:12]} Bxa3 {[%clk 01:02:42]}
{[%emt 00:01:50]} 24. Bc1 {[%clk 00:53:24]} {[%emt 00:01:29]} Bxc1 {[%emt
00:01:00]} 25. Raxc1 {[%emt 00:00:16]} g6 {[%clk 01:01:16]} {[%emt 00:00:40]}
26. f3 {[%clk 00:51:43]} {[%emt 00:02:12]} Rc7 {[%clk 00:56:12]} {[%emt
00:01:58]} 27. Rb1 {[%clk 00:48:15]} {[%emt 00:07:32]} Kg7 {[%clk 00:52:57]}
{[%emt 00:03:46]} 28. Rdc1 {[%clk 00:48:02]} {[%emt 00:00:41]} Nd6 {[%clk
00:50:12]} {[%emt 00:03:15]} 29. e5 {[%clk 00:45:44]} {[%emt 00:02:49]} Nb5
{[%clk 00:50:21]} {[%emt 00:00:20]} 30. Ra1 {[%clk 00:41:48]} {[%emt 00:04:25]}
Nc3 {[%clk 00:50:31]} {[%emt 00:00:21]} 31. Kh2 {[%clk 00:41:14]} {[%emt
00:01:04]} Nxa2 {[%emt 00:00:34]} 32. Rxa2 {[%emt 00:00:07]} Rb7 {[%clk
00:49:46]} {[%emt 00:00:33]} 33. Rca1 {[%clk 00:39:24]} {[%emt 00:02:21]} Rb6
{[%clk 00:49:38]} {[%emt 00:00:36]} 34. f4 {[%clk 00:37:43]} {[%emt 00:02:15]}
c3 {[%clk 00:48:36]} {[%emt 00:01:32]} 35. Ra3 {[%emt 00:01:23]} Rc6 {[%clk
00:48:41]} 36. Kg3 {[%clk 00:36:32]} {[%emt 00:01:13]} h6 {[%clk 00:48:27]}
{[%emt 00:00:42]} 37. h4 {[%clk 00:36:50]} {[%emt 00:00:13]} h5 {[%clk
00:48:05]} {[%emt 00:00:52]} 38. Kh3 {[%clk 00:37:02]} {[%emt 00:00:18]} Rc4
{[%clk 00:47:52]} {[%emt 00:00:39]} 39. g3 {[%clk 00:37:18]} {[%emt 00:00:19]}
Rc6 {[%clk 00:48:10]} {[%emt 00:00:11]} 40. g4 {[%clk 00:37:35]} {[%emt
00:00:14]} Rb8 {[%clk 00:47:24]} {[%emt 00:01:13]} 41. Rxa6 {[%clk 00:37:37]}
{[%emt 00:00:32]} Rxa6 {[%emt 00:00:07]} 42. Rxa6 {[%emt 00:00:15]} Rb2 {[%clk
00:47:25]} {[%emt 00:00:06]} 43. Rc6 {[%clk 00:37:31]} {[%emt 00:00:36]} Rxc2
{[%clk 00:47:44]} {[%emt 00:00:10]} 44. gxh5 {[%clk 00:37:53]} {[%emt
00:00:10]} gxh5 {[%clk 00:47:32]} {[%emt 00:00:09]} 45. Rb6 {[%clk 00:37:26]}
{[%emt 00:01:30]} Rd2 {[%clk 00:46:57]} {[%emt 00:01:05]} 46. Rb1 {[%clk
00:37:17]} {[%emt 00:00:39]} Rf2 {[%clk 00:46:26]} {[%emt 00:00:55]} 47. Kg3
{[%clk 00:37:24]} {[%emt 00:00:28]} Rb2 {[%emt 00:00:15]} 48. Rc1 {[%emt
00:00:14]} Rb3 {[%clk 00:46:11]} {[%emt 00:00:17]} 49. Rc2 {[%clk 00:33:23]}
{[%emt 00:04:31]} Kg6 {[%clk 00:44:55]} {[%emt 00:01:46]} 50. Kf3 {[%clk
00:31:42]} {[%emt 00:02:12]} Kf5 {[%emt 00:00:10]} 51. Rc1 {[%emt 00:00:59]}
Rb4 {[%clk 00:43:49]} {[%emt 00:00:25]} 52. Rg1 {[%clk 00:31:12]} {[%emt
00:01:01]} Rxf4+ {[%emt 00:00:16]} 53. Ke3 {[%emt 00:00:17]} Rxh4 {[%emt
00:00:35]} 54. Rf1+ {[%emt 00:00:05]} Kxe5 {[%clk 00:42:43]} {[%emt 00:00:22]}
55. Rxf7 {[%clk 00:31:23]} {[%emt 00:00:20]} c2 {[%clk 00:43:05]} {[%emt
00:00:09]} 56. Rf1 {[%clk 00:31:40]} {[%emt 00:00:11]} Rc4 {[%clk 00:43:15]}
{[%emt 00:00:20]} 57. Rc1 {[%clk 00:31:41]} {[%emt 00:00:30]} h4 {[%clk
00:43:30]} {[%emt 00:00:16]} 58. Kf2 {[%clk 00:31:57]} {[%emt 00:00:13]} Kd4
{[%clk 00:43:44]} {[%emt 00:00:14]} 59. Kg2 {[%clk 00:32:08]} {[%emt 00:00:21]}
Kc3 {[%clk 00:44:00]} {[%emt 00:00:07]} 60. Kh3 {[%clk 00:32:31]} {[%emt
00:00:15]} Kb2 {[%emt 00:00:08]} 61. Re1 {[%emt 00:00:13]} c1=Q {[%emt
00:00:12]} 62. Rxc1 {[%emt 00:01:05]} Rxc1 {[%emt 00:00:09]} 63. Kxh4 {[%emt
00:00:13]} Rg1 64. Kh3 {[%emt 00:00:06]} Kc3 {[%emt 00:00:07]} 65. Kh2 {[%emt
00:00:06]} Rg8 {[%emt 00:00:06]} 66. Kh3 {[%emt 00:00:07]} Kd4 {[%clk
00:41:51]} {[%emt 00:00:05]} 67. Kh4 {[%emt 00:00:09]} Ke5 {[%emt 00:00:05]}
68. Kh5 {[%clk 00:32:34]} {[%emt 00:00:14]} Kf6 {[%clk 00:42:17]} {[%emt
00:00:05]} 69. Kh4 {[%clk 00:32:34]} {[%emt 00:00:29]} e5 {[%clk 00:42:42]}
{[%emt 00:00:05]} 70. Kh3 {[%clk 00:33:00]} {[%emt 00:00:05]} e4 {[%clk
00:43:11]} 71. Kh2 {[%clk 00:33:24]} {[%emt 00:00:07]} e3 {[%clk 00:43:38]}
{[%emt 00:00:02]} 72. Kh1 {[%clk 00:33:38]} {[%emt 00:00:16]} e2 {[%clk
00:43:59]} {[%emt 00:00:10]} 73. Kh2 {[%clk 00:33:59]} {[%emt 00:00:09]} e1=B
{[%emt 00:00:13]} 74. Kh1 {[%emt 00:00:20]} Kf5 {[%clk 00:43:48]} {[%emt
00:00:07]} 75. Kh2 Kf4 {[%emt 00:00:11]} 76. Kh1 {[%clk 00:34:05]} {[%emt
00:00:13]} Rg7 {[%clk 00:44:03]} {[%emt 00:00:15]} 77. Kh2 {[%clk 00:34:19]}
{[%emt 00:00:17]} Kf3 {[%clk 00:44:20]} {[%emt 00:00:13]} 78. Kh1 {[%clk
00:34:36]} {[%emt 00:00:13]} Kf2 {[%clk 00:43:42]} {[%emt 00:00:10]} 0-1

[Event "DEM U10 2023"]
[Site "Willingen GER"]
[Date "2023.06.02"]
[Round "10"]
[White "Gruner, Cornelius"]
[Black "Khanbekyan, Aram"]
[Result "1-0"]
[Termination "normal"]
[Board "28"]
[WhiteElo "1279"]
[BlackElo "1328"]
[WhiteClock "00:54:56"]
[BlackClock "01:01:21"]
[PlyCount "37"]
[WhiteFideId "34616306"]
[BlackFideId "34606149"]
[EventCountry "GER"]
[EventRounds "11"]
[EventType "swiss"]
[EventDate "2023.05.27"]

1. d4 {[%clk 01:15:59]} {[%emt 01:34:46]} Nf6 {[%clk 01:15:55]} {[%emt
00:00:05]} 2. c4 {[%clk 01:16:24]} {[%emt 00:00:05]} e6 {[%clk 01:16:17]}
{[%emt 00:00:08]} 3. Nc3 {[%emt 00:00:16]} Bb4 {[%clk 01:16:34]} {[%emt
00:00:02]} 4. e3 {[%clk 01:17:08]} {[%emt 00:00:11]} b6 {[%clk 01:16:55]}
{[%emt 00:00:10]} 5. Bd3 {[%clk 01:17:21]} {[%emt 00:00:17]} Bb7 {[%clk
01:17:08]} {[%emt 00:00:16]} 6. Nge2 {[%clk 01:17:36]} {[%emt 00:00:16]} d6
{[%clk 01:16:39]} {[%emt 00:00:59]} 7. a3 {[%clk 01:17:33]} {[%emt 00:00:33]}
Bxc3+ {[%clk 01:16:51]} {[%emt 00:00:18]} 8. Nxc3 {[%clk 01:17:57]} {[%emt
00:00:06]} Nbd7 {[%clk 01:16:29]} {[%emt 00:00:52]} 9. O-O {[%clk 01:17:59]}
{[%emt 00:00:28]} O-O {[%clk 01:16:45]} {[%emt 00:00:13]} 10. e4 {[%clk
01:18:04]} {[%emt 00:00:26]} e5 {[%clk 01:14:09]} {[%emt 00:03:05]} 11. dxe5
{[%clk 01:16:02]} {[%emt 00:02:34]} dxe5 {[%clk 01:11:54]} {[%emt 00:02:45]}
12. f4 {[%clk 01:14:12]} {[%emt 00:02:19]} Qe7 {[%clk 01:07:34]} {[%emt
00:04:28]} 13. fxe5 {[%clk 01:12:27]} {[%emt 00:02:37]} Nxe5 {[%clk 01:07:31]}
{[%emt 00:00:33]} 14. Bg5 {[%clk 01:08:56]} {[%emt 00:04:01]} Qc5+ {[%clk
01:04:31]} {[%emt 00:03:26]} 15. Kh1 {[%clk 01:06:30]} {[%emt 00:03:00]} Neg4
{[%clk 01:04:10]} {[%emt 00:00:47]} 16. Qd2 {[%clk 01:04:08]} {[%emt 00:02:55]}
Rad8 {[%clk 01:02:24]} {[%emt 00:02:01]} 17. Bxf6 {[%clk 01:03:41]} {[%emt
00:01:12]} Rxd3 {[%clk 01:01:15]} {[%emt 00:01:39]} 18. Qxd3 {[%clk 00:56:05]}
{[%emt 00:08:06]} Qg1+ {[%clk 01:01:21]} {[%emt 00:00:24]} 19. Kxg1 {[%clk
00:54:56]} {[%emt 00:01:39]} 1-0